Sports Quiz

Random Sports or NFL Quiz

NFL MVPs Quiz Stats

 Plays Quiz Updated Feb 6, 2021

     
Support Sporcle.
Go Orange.
Score 0/64 Timer 10:00
88 Plays Today
Year Player Name % Correct
2007Tom Brady
98.4%
2003Peyton Manning & Steve McNair
98.3%
2004Peyton Manning
98.3%
2017Tom Brady
98.1%
2013Peyton Manning
97.1%
2020Aaron Rodgers
97%
2011Aaron Rodgers
96.1%
2014Aaron Rodgers
95.9%
2018Patrick Mahomes
95.3%
2015Cam Newton
95.1%
2019Lamar Jackson
95%
2016Matt Ryan
93.9%
1997Brett Favre & Barry Sanders
93.8%
1995Brett Favre
92.8%
1996Brett Favre
92.8%
1989Joe Montana
91.5%
1990Joe Montana
91.5%
1999Kurt Warner
90.9%
2001Kurt Warner
90.9%
2006LaDainian Tomlinson
90.2%
2012Adrian Peterson
90.1%
1992Steve Young
88.7%
1994Steve Young
88.7%
1987John Elway
88.6%
1993Emmitt Smith
86.5%
2000Marshall Faulk
83.8%
2008Peyton Manning
82.9%
2005Shaun Alexander
82%
1957Jim Brown
79.6%
1958Jim Brown
79.6%
1965Jim Brown
79.6%
1984Dan Marino
77.9%
Year Player Name % Correct
1972Larry Brown
75.7%
1998Terrell Davis
75.4%
1959Johnny Unitas
73.1%
1964Johnny Unitas
73.1%
1967Johnny Unitas
73.1%
2002Rich Gannon
71.7%
2009Peyton Manning
70.4%
1978Terry Bradshaw
69.1%
1966Bart Starr
67%
1986Lawrence Taylor
66.1%
1962Jim Taylor
64.8%
1977Walter Payton
61.8%
1991Thurman Thomas
61.4%
1988Boomer Esiason
54%
2010Tom Brady
53.4%
1973O.J. Simpson
51.8%
1985Marcus Allen
49.9%
1975Fran Tarkenton
49.9%
1983Joe Theismann
48.5%
1979Earl Campbell
42.9%
1974Ken Stabler
35%
1981Ken Anderson
32.8%
1963Y. A. Tittle
26.9%
1976Bert Jones
25.1%
1961Paul Hornung
20%
1980Brian Sipe
17.6%
1971Alan Page
17.4%
1960Norm Van Brocklin
17%
1968Earl Morrall
13.4%
1982Mark Moseley
12.4%
1969Roman Gabriel
11.9%
1970John Brodie
11.7%

From the Vault

Coldplay Songs

by MorganStehr

Music 14m
Coldplay have sold over 50 million records, we are guessing you might know one or two of their songs.
Remove Ads.
Support Sporcle.
Get the best of Sporcle when you Go Orange. This ad-free experience offers more features, more stats, and more fun while also helping to support Sporcle. Thank you for becoming a member.

Show Comments

Extras

Top Quizzes Today


Score Distribution

Your Account Isn't Verified!

In order to create a playlist on Sporcle, you need to verify the email address you used during registration. Go to your Sporcle Settings to finish the process.

Report this User

Report this user for behavior that violates our Community Guidelines.

Details: